Semillas de historia ambiental (Registro nro. 20029)
[ vista simple ]
| 000 -CABECERA | |
|---|---|
| Campo de control | 00865nam a22002417a 4500 |
| 005 - FECHA Y HORA DE LA ULTIMA TRANSACCION | |
| Campo de control | 20171220101625.0 |
| 008 - ELEMENTOS DE LONGITUD FIJA—INFORMACION GENERAL | |
| Campo de control | 171220b2015 CK ||||| |||| 00| 0 spa d |
| 020 ## - ISBN | |
| ISBN | 9789587756371 |
| 040 ## - FUENTE DE CATALOGACIÓN | |
| Agencia catalogadora original | CO-BoIAVH |
| Agencia transcriptora | CO-BoIAVH |
| 041 ## - IDIOMA | |
| Código de idioma para texto/pista de sonido o título separado | Español |
| 044 ## - PAÍS DE PUBLICACIÓN | |
| País de publicación | Colombia |
| 082 ## - NUMERO DE CLASIFICACION DECIMAL DEWEY | |
| Número de clasificación | 581.467 |
| Número del ítem | J37s |
| 100 ## - ASIENTO PRINCIPAL--NOMBRE PERSONAL | |
| Nombre personal | Gallini, Stefania |
| Término relacionado | editora |
| 9 (RLIN) | 2158 |
| 245 ## - MENCION DE TITULO | |
| Título | Semillas de historia ambiental |
| 260 ## - PUBLICACION, DISTRIBUCION, ETC. (PIE DE IMPRENTA) | |
| Lugar de publicación, distribución, etc. | Bogotá: |
| Nombre del editor, distribuidor, etc. | Jardin Botanico Jose Celestino Mutis, |
| -- | Universidad Nacional de Colombia, Facultad de Ciencias Humanas |
| Fecha de publicación, distribución, etc. | 2015. |
| 300 ## - DESCRIPCION FISICA | |
| Extensión | 413 páginas |
| Dimensiones | 23 x 15cm |
| 490 ## - MENCION DE SERIE | |
| Mención de serie | Colección general. Biblioteca abierta. Perspectivas ambientales ; |
| Designación numérica/secuencial del volumen | 434 |
| 650 16 - ASIENTO SECUNDARIO DE MATERIA - TERMINO TEMATICO | |
| Término temático o nombre geográfico como elemento de entrada | Semillas |
| Subdivisión general | Cultivo |
| 9 (RLIN) | 87937 |
| 650 16 - ASIENTO SECUNDARIO DE MATERIA - TERMINO TEMATICO | |
| Término temático o nombre geográfico como elemento de entrada | Semillas |
| Subdivisión general | Historia |
| 9 (RLIN) | 87938 |
| 650 16 - ASIENTO SECUNDARIO DE MATERIA - TERMINO TEMATICO | |
| Término temático o nombre geográfico como elemento de entrada | Socioecologia |
| 9 (RLIN) | 87935 |
| 650 #0 - ASIENTO SECUNDARIO DE MATERIA - TERMINO TEMATICO | |
| Término temático o nombre geográfico como elemento de entrada | Aprovechamiento de los recursos naturales |
| Subdivisión general | Aprovechamiento |
| 9 (RLIN) | 87939 |
| 942 ## - ELEMENTOS ADICIONALES (KOHA) | |
| Sistema de clasificación | Dewey Decimal Classification |
| Tipo de ítem | Libro |
| Withdrawn status | Lost status | Sistema de Clasificación | Damaged status | No para préstamo | Colección | Ubicación Permanente | Ubicación actual | Fecha de adquisición | Total Checkouts | Número topográfico | Inventario / Código de Barras | Date last seen | Date checked out | Ejemplar | Price effective from | Forma de adquisición | Tipo de material |
|---|---|---|---|---|---|---|---|---|---|---|---|---|---|---|---|---|---|
| Dewey Decimal Classification | General | Bogotá | Bogotá | 20/12/2017 | 1 | LB-581.467 J37s | 043373 | 24/08/2018 | 14/08/2018 | Ej. 1 | 20/12/2017 | Canje | Libro |